| 000 | 00470nam a2200157Ia 4500 | ||
|---|---|---|---|
| 008 | 220216s9999 xx 000 0 und d | ||
| 100 | _aWu Jihuai | ||
| 245 | 0 | _aStudy on bound rubber in silicone rubber filled with modified ultrafine mineral powder | |
| 260 |
_bRubber Chemistry and Technology _c2000 |
||
| 300 | _a19-24 | ||
| 650 | _aBound rubber | ||
| 650 | _aSilicone rubber | ||
| 700 | _aDonghong Hu Zhen Shen | ||
| 700 | _aNaisheng Jinling Huang | ||
| 942 | _cJS | ||
| 999 |
_c69829 _d69829 |
||